000 00666nam a22002417a 4500
001 35086
003 UA-OsUOA
005 20210809105711.0
007 ta
008 20051107b un ||||| |||| 00| 0 ukr d
020 _a966717302
040 _aUA-OsUOA
_bukr
_cUA-OsUOA
_dUA-OsUOA
041 _aukr
080 _a81.374.3
090 _a81.374.3
_bН73
245 _aНовий словник української мови
260 _aК.
_bАконіт
_c1999
300 _a927 с.
505 _gТ.3
650 7 _a8 Мовознавство. Художня література. Літературознавство
_2UDC
942 _cBK
_2udc
955 _a7
999 _c321477
_d321477